00724nam a2200229 i 4500001000700000003000900007005001700016007000300033008004100036020001800077080002100095100002400116245008800140260004900228300003500277490003400312500004300346650001900389700001900408830003400427852003300461107352ES-MaACL20230906184409.0t|070104s1987 fr ||||1| fre d a2-7005-0116-0 a811.162.1(075.4)1 aKuszmider, Barbara.13aLe polonais sans peine / cpar Barbara Kuszmider ; illustrations de J.-L. Goussé. aChennevières S/Marne : bAssimil, c[1987] aVII, 484 p. : bil. ; c18 cm.1 aMéthode quotidienne Assimil aBiblioteca Jacinto Martínez Lacalle.14aLengua polaca.1 aGoussé, J.L.0 aMéthode quotidienne Assimil aES-MaACLjE-11501 bR.139495